[Event "Konik Morski Rewala OPEN A"]
[Site "Rewal"]
[Date "2007.08.29"]
[Round "9.42"]
[White "Demidowicz, Maria"]
[Black "Organisciak, Wojciech"]
[Result "0-1"]
[WhiteElo "1979"]
[BlackElo "2095"]
[PlyCount "90"]
[EventDate "2007.??.??"]

1. e4 c5 2. Nf3 d6 3. d4 cxd4 4. Nxd4 Nf6 5. Nc3 a6 6. Be3 e6 7. f3 b5 8. Qd2
Be7 9. O-O-O Bb7 10. Kb1 Nc6 11. g4 Qc7 12. g5 Nd7 13. f4 b4 14. Nce2 Nxd4 15.
Qxd4 e5 16. Qd3 Nc5 17. Bxc5 dxc5 18. Bh3 Rd8 19. Qc4 O-O 20. Rhf1 exf4 21.
Rxd8 Rxd8 22. c3 Qe5 23. Rxf4 Kh8 24. Bg2 Qxg5 25. Qxf7 h6 26. h4 Qxg2 27. Qxe7
Rd1+ 28. Nc1 Kh7 29. Qe6 Re1 30. Qf5+ Qg6 31. Qxg6+ Kxg6 32. cxb4 cxb4 33. Kc2
Rxe4 34. Rxe4 Bxe4+ 35. Kb3 Kh5 36. Kxb4 Bg2 37. Ne2 Kxh4 38. Kc3 g5 39. Kd4
Kg4 40. Ke3 h5 41. Kf2 Bd5 42. Nc3 Bc6 43. b4 h4 44. a4 h3 45. Kg1 Bf3 0-1

[Event "Konik Morski Rewala OPEN A"]
[Site "Rewal"]
[Date "2007.08.29"]
[Round "9.43"]
[White "Morozova, Julia"]
[Black "Smirnov, Aleksander"]
[Result "0-1"]
[WhiteElo "2073"]
[BlackElo "2247"]
[PlyCount "90"]
[EventDate "2007.??.??"]

1. d4 d5 2. Nf3 Nf6 3. e3 Bg4 4. c4 dxc4 5. Bxc4 e6 6. h3 Bh5 7. g4 Bg6 8. Ne5
Nbd7 9. Nxg6 hxg6 10. Nc3 Nb6 11. Bb3 Nbd5 12. Qe2 c6 13. e4 Nxc3 14. bxc3 Qa5
15. Bd2 Ba3 16. Rb1 O-O-O 17. Kf1 Be7 18. Kg2 Rd7 19. e5 Ne8 20. Qf3 Bd8 21.
Rhd1 Nc7 22. Rb2 Qa6 23. Rdb1 Nd5 24. Bc2 b6 25. Bd3 Qb7 26. a4 Rf8 27. a5 f5
28. axb6 Nxb6 29. Ra2 Kb8 30. Ba6 Qc7 31. Bc1 Be7 32. Be3 g5 33. d5 exd5 34. e6
Rd6 35. Rab2 fxg4 36. Qxg4 c5 37. Rb5 Rc6 38. R5b2 Qe5 39. Rd2 Rxe6 40. Rb5 Bd6
41. Rxc5 Qh2+ 42. Kf1 Rxe3 43. Rb5 Qh1+ 44. Qg1 Re1+ 45. Kxe1 Qxg1+ 0-1

[Event "Konik Morski Rewala OPEN A"]
[Site "Rewal"]
[Date "2007.08.29"]
[Round "9.44"]
[White "Wojciechowski, Piotr"]
[Black "Raczynski, Marcin"]
[Result "1-0"]
[WhiteElo "2228"]
[BlackElo "2044"]
[PlyCount "47"]
[EventDate "2007.??.??"]

1. e4 c5 2. Nf3 Nc6 3. d4 cxd4 4. Nxd4 g6 5. c4 d6 6. Nc3 Nf6 7. Be2 Nxd4 8.
Qxd4 Bg7 9. Be3 O-O 10. Qd2 Bd7 11. O-O a6 12. f3 Rb8 13. Ba7 Rc8 14. Bd4 e5
15. Be3 Be6 16. b3 Ne8 17. Rfd1 Qe7 18. Rac1 f5 19. c5 dxc5 20. Nd5 Qh4 21. Bf2
Qh6 22. Be3 f4 23. Bxc5 Qh4 24. Ne7+ 1-0

[Event "Konik Morski Rewala OPEN A"]
[Site "Rewal"]
[Date "2007.08.29"]
[Round "9.45"]
[White "Malczyk, Jakub"]
[Black "Zilinskas, Vaidas"]
[Result "1/2-1/2"]
[WhiteElo "2050"]
[BlackElo "2150"]
[PlyCount "73"]
[EventDate "2007.??.??"]

1. d4 d6 2. Nf3 g6 3. Bf4 Bg7 4. e3 c5 5. c3 Qb6 6. Qb3 Be6 7. Qxb6 axb6 8. a3
Nf6 9. h3 Nc6 10. Be2 O-O 11. Nbd2 Bd5 12. O-O Rfe8 13. Nc4 b5 14. Nb6 Bxf3 15.
Bxf3 Ra6 16. Nd5 Nxd5 17. Bxd5 Rea8 18. dxc5 dxc5 19. Rad1 b4 20. axb4 cxb4 21.
cxb4 Rb6 22. Bxc6 bxc6 23. Rd7 Bf6 24. Rc7 g5 25. Bh2 Ra2 26. g4 Rxb2 27. Rc1
R6xb4 28. R7xc6 h5 29. R6c4 hxg4 30. Rxg4 Rxg4+ 31. hxg4 Rb4 32. f3 Rb2 33. Bg3
Re2 34. Re1 Ra2 35. Kf1 Bc3 36. Re2 Ra1+ 37. Kg2 1/2-1/2

[Event "Konik Morski Rewala OPEN A"]
[Site "Rewal"]
[Date "2007.08.29"]
[Round "9.46"]
[White "Labedz, Patrycja"]
[Black "Matuszewski, Michal"]
[Result "1-0"]
[WhiteElo "1942"]
[BlackElo "2144"]
[PlyCount "113"]
[EventDate "2007.??.??"]

1. e4 c5 2. Nf3 d6 3. d4 cxd4 4. Nxd4 Nf6 5. Nc3 a6 6. Be2 e5 7. Nb3 Be7 8. Bg5
Nbd7 9. O-O O-O 10. Bf3 Nb6 11. Bxf6 Bxf6 12. Nd5 Nxd5 13. Qxd5 Qc7 14. Qd2 Be6
15. Rad1 Rfd8 16. c3 h6 17. Qc2 b5 18. Qb1 a5 19. Na1 Bg5 20. Nc2 b4 21. cxb4
Rac8 22. Ne1 axb4 23. g3 Ra8 24. b3 Qa5 25. h4 Be7 26. Nd3 Rdc8 27. Rd2 Bd8 28.
Rc1 Bb6 29. Rxc8+ Bxc8 30. Rc2 Bd4 31. Nb2 Ba6 32. Nc4 Bxc4 33. bxc4 Qc5 34.
Qf1 Ra3 35. Kg2 Qa5 36. Qe2 Qa4 37. Qd2 Bc3 38. Qe2 Bd4 39. Qd2 Rc3 40. Bd1 Qa8
41. Bf3 Qc6 42. Qe2 Qa4 43. Rd2 Rc1 44. Bh5 g6 45. Bf3 Ra1 46. Bg4 h5 47. Bf3
Bc3 48. Rc2 Re1 49. Qd3 b3 50. axb3 Qa1 51. Qxc3 Qb1 52. Qb2 Rg1+ 53. Kh2 Qf1
54. Rd2 g5 55. Rd1 Rh1+ 56. Bxh1 Qxd1 57. Qc3 1-0

[Event "Konik Morski Rewala OPEN A"]
[Site "Rewal"]
[Date "2007.08.29"]
[Round "9.47"]
[White "Korosciel, Aneta"]
[Black "Polok, Rafal"]
[Result "1-0"]
[WhiteElo "2105"]
[BlackElo "1942"]
[PlyCount "49"]
[EventDate "2007.??.??"]

1. e4 e6 2. d3 d5 3. Nd2 Nf6 4. Ngf3 c5 5. g3 Nc6 6. Bg2 b6 7. O-O Bb7 8. Re1
Be7 9. c3 Qc7 10. exd5 Nxd5 11. Ne4 O-O-O 12. Nfg5 Bxg5 13. Nxg5 h6 14. Nf3 g5
15. Qa4 a6 16. Bd2 e5 17. b4 b5 18. Qb3 cxb4 19. cxb4 g4 20. Nxe5 Nxe5 21. Rac1
Bc6 22. Rxe5 Qxe5 23. Rxc6+ Nc7 24. Qc2 Rd7 25. Bc3 1-0

[Event "Konik Morski Rewala OPEN A"]
[Site "Rewal"]
[Date "2007.08.29"]
[Round "9.48"]
[White "Cherednichenko, Elena"]
[Black "Warchalowski, Daniel"]
[Result "0-1"]
[WhiteElo "2105"]
[BlackElo "2061"]
[PlyCount "120"]
[EventDate "2007.??.??"]

1. d4 d5 2. c4 Nc6 3. Nf3 Bg4 4. cxd5 Bxf3 5. gxf3 Qxd5 6. e3 e5 7. Nc3 Bb4 8.
Bd2 Bxc3 9. bxc3 Qd6 10. Rb1 Rb8 11. f4 e4 12. Qa4 Nh6 13. c4 O-O 14. d5 Ne7
15. Bb4 Qf6 16. Qc2 Rfe8 17. Bg2 Ng6 18. Bxe4 Nxf4 19. Bxh7+ Kh8 20. Be4 Qh4
21. Bc5 b6 22. Bd4 Nh3 23. Bg2 Nxf2 24. Qxf2 Qxd4 25. O-O Qxe3 26. Qxe3 Rxe3
27. c5 Re2 28. a4 Rbe8 29. cxb6 axb6 30. Ra1 Rd2 31. Rfd1 Ree2 32. Rxd2 Rxd2
33. a5 bxa5 34. Rxa5 Rd1+ 35. Kf2 Rc1 36. Ra8+ Kh7 37. Rc8 Rc5 38. h3 g6 39.
Rd8 Nf5 40. Be4 Nd6 41. Bf3 Kg7 42. Ra8 Kf6 43. Ra4 Rc4 44. Ra1 Ke5 45. Ra2
Ne4+ 46. Ke3 Rc3+ 47. Ke2 Rc5 48. Ra8 Nc3+ 49. Ke3 Nb5 50. Bg2 Rc3+ 51. Kd2 Ra3
52. Re8+ Kd4 53. Bf1 Ra2+ 54. Ke1 Nd6 55. Rb8 Kxd5 56. h4 Rh2 57. Rb4 Ne4 58.
Rb5+ Kd6 59. Rb4 Rxh4 60. Rd4+ Ke7 0-1

[Event "Konik Morski Rewala OPEN A"]
[Site "Rewal"]
[Date "2007.08.29"]
[Round "9.49"]
[White "Gorol, Magdalena"]
[Black "Schroeter, Guenter"]
[Result "0-1"]
[WhiteElo "1834"]
[BlackElo "2104"]
[PlyCount "54"]
[EventDate "2007.??.??"]

1. e4 c6 2. d4 d5 3. Nc3 dxe4 4. Nxe4 Bf5 5. Ng3 Bg6 6. Nf3 Qc7 7. h4 h6 8. h5
Bh7 9. Bd3 Bxd3 10. Qxd3 Nd7 11. Bd2 e6 12. c4 Ngf6 13. O-O-O Bd6 14. Ne2 O-O-O
15. b4 Rhe8 16. Bc3 e5 17. c5 e4 18. cxd6 Qxd6 19. Qc2 exf3 20. gxf3 Nd5 21.
Rd3 Nxb4 22. Bxb4 Qxb4 23. Rb3 Qa5 24. Qb2 Nb6 25. Kb1 Nc4 26. Qc3 Nd2+ 27. Kb2
Nxb3 0-1

[Event "Konik Morski Rewala OPEN A"]
[Site "Rewal"]
[Date "2007.08.29"]
[Round "9.50"]
[White "Wiewiora, Eneasz"]
[Black "Gosciniak, Maria"]
[Result "1/2-1/2"]
[WhiteElo "1911"]
[BlackElo "2076"]
[PlyCount "79"]
[EventDate "2007.??.??"]

1. e4 Nf6 2. Nc3 d5 3. exd5 Nxd5 4. Bc4 c6 5. Qf3 e6 6. Nge2 Be7 7. O-O O-O 8.
d4 Nd7 9. Bd3 Nxc3 10. bxc3 c5 11. Re1 Qa5 12. Bf4 Bf6 13. Ng3 cxd4 14. cxd4 g6
15. Qe3 Bg7 16. Bh6 Nf6 17. Bxg7 Kxg7 18. Rab1 Qxa2 19. Rb5 a6 20. Nh5+ Nxh5
21. Rxh5 Rh8 22. Qe5+ Kg8 23. Rg5 Qa3 24. Qf6 Qf8 25. h4 Bd7 26. h5 Qg7 27. Qe7
f6 28. Qxg7+ Kxg7 29. Rg3 f5 30. hxg6 hxg6 31. Bxf5 exf5 32. Re7+ Kf6 33. Rxd7
Rad8 34. Rxb7 Rxd4 35. Rb6+ Kf7 36. Kf1 Re8 37. f3 Rd1+ 38. Kf2 Rd2+ 39. Kg1
Rd1+ 40. Kh2 1/2-1/2

[Event "Konik Morski Rewala OPEN A"]
[Site "Rewal"]
[Date "2007.08.29"]
[Round "9.51"]
[White "Jensen, Christine"]
[Black "Slezak, Robert"]
[Result "1-0"]
[WhiteElo "2018"]
[BlackElo "2167"]
[PlyCount "79"]
[EventDate "2007.??.??"]

1. d4 g6 2. c4 Bg7 3. e4 d6 4. f3 c5 5. d5 Nf6 6. Nc3 a6 7. Be3 Bd7 8. a4 Qa5
9. Ra3 O-O 10. Nge2 Be8 11. Nc1 Nbd7 12. Be2 Qb6 13. Rb3 Qc7 14. O-O Nb6 15.
Ra3 Rb8 16. a5 Nc8 17. Qd2 b6 18. axb6 Rxb6 19. b3 e5 20. Nd3 Bd7 21. Rfa1 Ne7
22. Rxa6 Rxb3 23. Nxc5 dxc5 24. d6 Qd8 25. dxe7 Qxe7 26. Bg5 Be6 27. Nd5 Bxd5
28. cxd5 Rfb8 29. d6 Rb1+ 30. Rxb1 Rxb1+ 31. Kf2 Qb7 32. Qa5 Nxe4+ 33. fxe4 h6
34. Be3 Qxe4 35. Qd8+ Kh7 36. Ra8 g5 37. Qg8+ Kg6 38. Bh5+ Kxh5 39. Qxf7+ Qg6
40. g4+ 1-0

[Event "Konik Morski Rewala OPEN A"]
[Site "Rewal"]
[Date "2007.08.29"]
[Round "9.52"]
[White "Roth, Josef"]
[Black "Czachor, Radoslaw"]
[Result "0-1"]
[WhiteElo "2158"]
[BlackElo "2038"]
[PlyCount "80"]
[EventDate "2007.??.??"]

1. e4 d5 2. exd5 Nf6 3. d4 Qxd5 4. Nc3 Qd8 5. Nf3 Bf5 6. Be3 e6 7. Be2 Bb4 8.
O-O O-O 9. Nh4 Bxc3 10. Nxf5 Bxb2 11. Rb1 Ba3 12. Ng3 b6 13. Bf3 c6 14. c4 Bd6
15. Qa4 Qc7 16. Rbc1 Rc8 17. Rfd1 Nbd7 18. Nf1 Rab8 19. g3 c5 20. d5 exd5 21.
Bxd5 Nxd5 22. Rxd5 Nf6 23. Rxd6 Qxd6 24. Bf4 Qd7 25. Qxd7 Nxd7 26. Bxb8 Rxb8
27. Rd1 Nf6 28. Ne3 Kf8 29. Rd6 Rb7 30. Nf5 Rd7 31. Rc6 Ne8 32. Rc8 g6 33. Ne3
f6 34. Nd5 Kf7 35. Rxe8 Rxd5 36. Rh8 Rd1+ 37. Kg2 Kg7 38. Ra8 Rd7 39. Kf3 Rd3+
40. Ke4 Rd4+ 0-1

[Event "Konik Morski Rewala OPEN A"]
[Site "Rewal"]
[Date "2007.08.29"]
[Round "9.53"]
[White "Krasnodebska, Magdalena"]
[Black "Witek, Tomasz"]
[Result "0-1"]
[WhiteElo "1992"]
[BlackElo "2105"]
[PlyCount "110"]
[EventDate "2007.??.??"]

1. e4 e6 2. d4 d5 3. exd5 exd5 4. Nf3 Nc6 5. Bf4 Nf6 6. Bd3 Bg4 7. c3 Be7 8.
Nbd2 O-O 9. O-O Bh5 10. Re1 Re8 11. Qb3 Rb8 12. Bg3 Bg6 13. Bxg6 hxg6 14. Re2
Bd6 15. Rxe8+ Qxe8 16. Bxd6 cxd6 17. Re1 Qd7 18. c4 Na5 19. Qb4 Nxc4 20. Nxc4
dxc4 21. Qxc4 Rc8 22. Qb3 b5 23. h3 a5 24. a3 Qf5 25. Qe3 b4 26. Rc1 Rxc1+ 27.
Qxc1 b3 28. Qc3 a4 29. Qc6 Nh7 30. Nd2 Qc2 31. Nc4 Nf8 32. Qxa4 d5 33. Na5 Qc1+
34. Kh2 Qxb2 35. Nxb3 Qxf2 36. Qb5 Qf4+ 37. Kg1 Qe4 38. Qb8 f5 39. a4 f4 40. a5
Qe1+ 41. Kh2 f3 42. gxf3 Qf2+ 43. Kh1 Qxf3+ 44. Kh2 Qf2+ 45. Kh1 Kh7 46. Nc5
Qf1+ 47. Kh2 Qf2+ 48. Kh1 g5 49. Qd8 Qf3+ 50. Kh2 Qf4+ 51. Kh1 Qf5 52. Qd6 Ng6
53. Qg3 Kh6 54. a6 Nh4 55. Qd3 Qf2 0-1

[Event "Konik Morski Rewala OPEN A"]
[Site "Rewal"]
[Date "2007.08.29"]
[Round "9.54"]
[White "Czartoryski, Pawel"]
[Black "Musialkiewicz, Jan"]
[Result "0-1"]
[WhiteElo "2066"]
[BlackElo "1926"]
[PlyCount "54"]
[EventDate "2007.??.??"]

1. d4 d5 2. c4 dxc4 3. Nc3 e5 4. e3 c5 5. d5 a6 6. a4 Bd6 7. Bxc4 Nd7 8. e4 Ne7
9. Nge2 O-O 10. O-O f5 11. f4 Kh8 12. Bd3 Nf6 13. fxe5 Bxe5 14. Bf4 Bd4+ 15.
Kh1 fxe4 16. Bxe4 Nexd5 17. Bxd5 Nxd5 18. Nxd5 Qxd5 19. Nxd4 cxd4 20. Qd2 Bf5
21. Rf3 Be4 22. Rg3 Rf5 23. Kg1 Raf8 24. Rf1 d3 25. Qc3 Qd7 26. Qd2 Qd4+ 27.
Kh1 Rxf4 0-1

[Event "Konik Morski Rewala OPEN A"]
[Site "Rewal"]
[Date "2007.08.29"]
[Round "9.55"]
[White "Dombrowski, Bartosz"]
[Black "Szudra, Heinz-werner"]
[Result "1-0"]
[WhiteElo "1942"]
[BlackElo "2029"]
[PlyCount "47"]
[EventDate "2007.??.??"]

1. e4 e6 2. d4 d5 3. Nc3 Bb4 4. e5 c5 5. a3 Bxc3+ 6. bxc3 Ne7 7. Nf3 b6 8. Bb5+
Bd7 9. a4 Bxb5 10. axb5 a5 11. dxc5 bxc5 12. O-O Nd7 13. Qe2 Nb6 14. Ba3 Qc7
15. Nd2 a4 16. c4 O-O 17. cxd5 Nexd5 18. f4 f5 19. exf6 Nxf4 20. Rxf4 Qxf4 21.
Qxe6+ Kh8 22. fxg7+ Kxg7 23. Bb2+ Rf6 24. Rf1 1-0

[Event "Konik Morski Rewala OPEN A"]
[Site "Rewal"]
[Date "2007.08.29"]
[Round "9.56"]
[White "Kielar, Maciej"]
[Black "Dinckel, Joerg"]
[Result "0-1"]
[WhiteElo "1976"]
[BlackElo "2066"]
[PlyCount "75"]
[EventDate "2007.??.??"]

1. e4 c5 2. d3 Nc6 3. g3 g6 4. Bg2 Bg7 5. c3 e6 6. Be3 d6 7. Ne2 Nge7 8. Nd2
O-O 9. h3 e5 10. O-O f5 11. f4 Be6 12. Nf3 Qd7 13. Ng5 h6 14. Nxe6 Qxe6 15. Qd2
Kh7 16. Kh2 Rac8 17. a3 a5 18. Rae1 b5 19. fxe5 Nxe5 20. Nf4 Qd7 21. exf5 Nxf5
22. Be4 b4 23. axb4 cxb4 24. c4 a4 25. Nd5 Rb8 26. Bg1 a3 27. b3 Nc6 28. Bxf5
Rxf5 29. d4 Qf7 30. Nf4 Rf8 31. Qd3 Kg8 32. Re6 g5 33. Ng6 Qxe6 34. Nxf8 Rxf8
35. Rxf8+ Bxf8 36. d5 Ne5 37. Qe4 Qf6 38. Bd4 0-1

[Event "Konik Morski Rewala OPEN A"]
[Site "Rewal"]
[Date "2007.08.29"]
[Round "9.57"]
[White "Czaus, Piotr"]
[Black "Latocha, Aleksander"]
[Result "1-0"]
[WhiteElo "1981"]
[BlackElo "1817"]
[PlyCount "65"]
[EventDate "2007.??.??"]

1. d4 d5 2. c4 c6 3. Nc3 Nf6 4. Nf3 dxc4 5. a4 Bf5 6. e3 e6 7. Bxc4 Nbd7 8. O-O
Be7 9. Re1 Ne4 10. Nd2 Nxd2 11. Qxd2 O-O 12. e4 Bg6 13. f4 h6 14. Kh1 Bb4 15.
Qf2 Nf6 16. f5 exf5 17. exf5 Bh7 18. h3 Qd7 19. g4 Rfe8 20. Bf4 Rxe1+ 21. Rxe1
c5 22. dxc5 Bxc3 23. bxc3 Qxa4 24. Qd4 Qc6+ 25. Kh2 Re8 26. Rxe8+ Nxe8 27. Qd5
Qf6 28. Qxb7 h5 29. Qd7 Kh8 30. Qxe8+ Bg8 31. Qe5 Qc6 32. f6 g6 33. Qg5 1-0

[Event "Konik Morski Rewala OPEN A"]
[Site "Rewal"]
[Date "2007.08.29"]
[Round "9.58"]
[White "Krzywkowski, Marcin"]
[Black "Walas, Aleksandra"]
[Result "1/2-1/2"]
[WhiteElo "1861"]
[BlackElo "1884"]
[PlyCount "75"]
[EventDate "2007.??.??"]

1. d4 Nf6 2. c4 e6 3. g3 c5 4. Nf3 cxd4 5. Nxd4 Nc6 6. Bg2 Bc5 7. Nb3 Be7 8.
Nc3 O-O 9. O-O a6 10. e4 d6 11. Bf4 e5 12. Bg5 h6 13. Bxf6 Bxf6 14. Nd5 g6 15.
Nxf6+ Qxf6 16. Qe2 Rd8 17. Rad1 Be6 18. Rd2 b5 19. cxb5 axb5 20. Qxb5 Bxb3 21.
Qxb3 Nd4 22. Rxd4 exd4 23. e5 dxe5 24. Bxa8 Rxa8 25. Re1 Qd6 26. Rd1 e4 27. Qc4
Rd8 28. a4 Qe5 29. b4 e3 30. Qd3 exf2+ 31. Kxf2 Rd6 32. a5 Qf6+ 33. Kg1 Qd8 34.
a6 Qb6 35. b5 Rd5 36. Ra1 Rd7 37. Rc1 Rd5 38. Ra1 1/2-1/2